000 00278nam a22000857a 4500
008 150327b xxu||||| |||| 00| 0 eng d
020 _a9781608051991
_cAvailable
245 _aFrontiers in Drug Design and Discovery(Vol:1)
_cRahman-Atta-Ur
260 _aUSA
_bBentham Science Publisher
_c2014
999 _c24762
_d24762